Matematika v poisťovníctve : Základy poistnej matematiky
Enregistré dans:
| Auteur principal: | |
|---|---|
| Format: | Livre |
| Langue: | slovaque |
| Publié: |
Bratislava :
Slovenské pedagogické nakladateľstvo,
1997
|
| Tags: |
Pas de tags, Soyez le premier à ajouter un tag!
|
MARC
| LEADER | 00000nam a22000003a 4500 | ||
|---|---|---|---|
| 001 | stu26226 | ||
| 005 | 20150617225742.8 | ||
| 008 | 980629s1997------------------------slo-d | ||
| 020 | |a 80-08-02552-2 | ||
| 040 | |a STU |b slo | ||
| 041 | 0 | |a slo | |
| 080 | |a 51 |7 stu_us_auth*stu8333 | ||
| 080 | |a 338.46:368 | ||
| 100 | 1 | |a Lamoš, František |4 aut | |
| 245 | 1 | |a Matematika v poisťovníctve : |b Základy poistnej matematiky | |
| 260 | |a Bratislava : |b Slovenské pedagogické nakladateľstvo, |c 1997 | ||
| 300 | |a 160 s | ||
| 500 | |a Literatúra | ||
| 996 | |b C95456 |c C*95456 |l CCXX |s P |a 0 |w stu26226_0001 | ||